| 000 | 00692nam a2200229 a 4500 | ||
|---|---|---|---|
| 999 |
_c901 _d901 |
||
| 001 | 901 | ||
| 003 | BD-JhCC | ||
| 005 | 20220917134022.0 | ||
| 008 | 171011s2008 bg |||| ||a| 000 0 ben d | ||
| 020 | _a9847000601216 | ||
| 035 | _a(BD-JhCC)901 | ||
| 040 |
_aBD-JhCC _dBD-JhCC |
||
| 041 | _aben | ||
| 082 |
_a891.443 _bAJD 2008 |
||
| 100 | _aআজাদ, হুমায়ুন | ||
| 245 |
_aউপন্যাসসমগ্র / _cহুমায়ুন আজাদ |
||
| 260 |
_aঢাকা : _bআগামী প্রকাশনী, _c২০০৮. |
||
| 300 |
_a592 p. : _bill. ; _c21 cm. |
||
| 650 |
_aBengali Novel _xNovel _zBangladesh |
||
| 942 |
_2ddc _cBK _03 |
||